The mind of the Maker /

Gorde:
Xehetasun bibliografikoak
Egile nagusia: Sayers, Dorothy L. (Dorothy Leigh), 1893-1957
Formatua: Liburua
Hizkuntza:English
Argitaratua: London : Methuen, 1941.
Saila:The bridgehead series
Gaiak:
LEADER 00793nam a2200205 i 4500
001 c000027578
003 CARM
005 00000000000000.0
008 850410s1941 enk 0 eng d
019 1 |a 9252087  |z 42880766  |z 27170696  |z 58038057  |5 LACONCORD2021 
035 |a (OCoLC)3556125  |5 LACONCORD2021 
100 1 |a Sayers, Dorothy L.  |q (Dorothy Leigh),  |d 1893-1957. 
245 1 0 |a The mind of the Maker /  |c by Dorothy L. Sayers. 
260 |a London :  |b Methuen,  |c 1941. 
300 |a 186 p. 
490 0 |a The bridgehead series 
650 0 |a Christianity  |x Philosophy. 
852 8 |b CARM  |h A2:AE19G0  |i A00047  |p 0020302  |f BK 
999 f f |i f98fc6f3-1b23-552c-9d03-5c9f57cf757a  |s d45bd082-7cf3-581f-a4b6-05529a4f43c4 
952 f f |p Can circulate  |a CAVAL  |b CAVAL  |c CAVAL  |d CARM 1 Store  |e A00047  |f A2:AE19G0  |h Other scheme  |i book  |m 0020302